| 000 | 00497aam a2200193 4500 | ||
|---|---|---|---|
| 005 | 20170111112915.0 | ||
| 008 | 150727b xxu||||| |||| 00| 0 spa d | ||
| 041 | _aInglés | ||
| 082 | _a428 H853h | ||
| 100 |
_aHowatt, A.P.R. _936070 |
||
| 100 |
_aWiddowson, H.G. _936071 |
||
| 245 | _aA history of english language teaching | ||
| 250 | _a2 edición | ||
| 260 |
_aInglaterra _bOxford _c2004 |
||
| 300 | _a417 páginas | ||
| 650 |
_aINGLÉS _92062 |
||
| 650 |
_a ENSEÑANZA _9236 |
||
| 942 | _cBK | ||
| 999 |
_c8699 _d8699 |
||